Fundamentals of microbiology (Record no. 314170)

MARC details
000 -LEADER
fixed length control field 00471nam a22001817a 4500
005 - DATE & TIME
control field 20240229101956.0
008 - FIXED-LENGTH DATA ELEMENTS--GENERAL INFORMATION
fixed length control field 240209b |||||||| |||| 00| 0 eng d
020 ## - ISBN
International Standard Book Number 9781284211757
Price $ 190.95
040 ## - CATALOGING SOURCE
Original cataloging agency VIVEKANANDA LIBRARY
082 ## - DDC NUMBER
Classification number 579
Book Number P771F(12)
100 ## - MAIN ENTRY--PERSONAL NAME
Personal name Pommerville, Jeffrey
245 ## - TITLE STATEMENT
Title Fundamentals of microbiology
250 ## - EDITION STATEMENT
Edition statement 12th
260 ## - PUBLICATION, DISTRIBUTION, ETC. (IMPRINT)
Place of publication, distribution, etc Burlington
Name of publisher, distributor, etc Jones and Bartlett Learning
Date of publication, distribution, etc 2022
300 ## - PHYSICAL DESCRIPTION
Pages xxxv, 720
650 ## - Subject
Subject Microbiology
942 ## - ADDED ENTRY ELEMENTS (KOHA)
Koha item type Books
Holdings
Withdrawn status Lost status Source of classification or shelving scheme Damaged status Not for loan Location (home branch) Sublocation or collection (holding branch) Date acquired Koha issues (times borrowed) Koha full call number Accession No. Koha date last seen Koha item type
    Dewey Decimal Classification     VIVEKANANDA LIBRARY VIVEKANANDA LIBRARY 09/02/2024   579 P771F(12) 404247 09/02/2024 Books
© Designed and Maintained by Vivekananda Library, MDU Rohtak